000 00692nas a2200253 4500
001 BR9202265
003 BR-BrBNA
005 20231205092455.0
007 ta
008 230509b bl.|||p| |||| 00| 00por d
040 _aBR-BrBNA
_bpor
_cBiblioteca Nacional de Agricultura
041 _a(Pt)
072 _aH20
100 1 _aCordova, U. de A.
245 1 _aComo controlar a sarna da macieira
650 _aMACA
650 _aDOENCA DE PLANTA
650 _aFUNGO
650 _aSARNA DE PLANTA
650 _aERRADICACAO
773 0 _tToda Fruta (Brazil)
_xISSN 0102-7166
_g(Dec 1988), v. 3(30) p. 21-25
_wBR9202265
909 _a202311
_bLúcia
_c55
_dLúcia Elande
942 _2AGRIS
_n0
_cANA
999 _c131972
_d131972